Flood engineers to access Met Office forecasts (Record no. 68801)

MARC details
000 -LEADER
fixed length control field 00961cam a2200217 4500
001 - CONTROL NUMBER
control field WB3742-14
008 - FIXED-LENGTH DATA ELEMENTS--GENERAL INFORMATION
fixed length control field 011107n2001 000 0 eng u
035 ## - SYSTEM CONTROL NUMBER
System control number (Sirsi) u115515
245 ## - TITLE STATEMENT
Title Flood engineers to access Met Office forecasts
260 ## - PUBLICATION, DISTRIBUTION, ETC.
Date of publication, distribution, etc. 2001
490 ## - SERIES STATEMENT
Series statement New Civil Engineer
Volume/sequential designation 1 November 2001, 8(1)
520 ## - SUMMARY, ETC.
Summary, etc. Met Office researchers plan to run 1,000 climate change models in a bid to establish future climate change patterns. The results will be used to build a probability graph for use by engineers, designers, environmentalists and insurers. Initial runs of the modelling scheme have now been completed. If funding continues, a completed graph could be produced within two years. http://www.met-office.gov.uk
590 ## - LOCAL NOTE (RLIN)
Local note WB
650 ## - SUBJECT ADDED ENTRY--TOPICAL TERM
Topical term or geographic name entry element FLOODING
650 ## - SUBJECT ADDED ENTRY--TOPICAL TERM
Topical term or geographic name entry element METEOROLOGICAL OFFICE
650 ## - SUBJECT ADDED ENTRY--TOPICAL TERM
Topical term or geographic name entry element MODELLING
650 ## - SUBJECT ADDED ENTRY--TOPICAL TERM
Topical term or geographic name entry element CLIMATE CHANGE
650 ## - SUBJECT ADDED ENTRY--TOPICAL TERM
Topical term or geographic name entry element ENGINEERS
690 ## - LOCAL SUBJECT ADDED ENTRY--TOPICAL TERM (OCLC, RLIN)
Topical term or geographic name as entry element ENVIRONMENTAL AND LAND CONSULTANCY
942 ## - ADDED ENTRY ELEMENTS (KOHA)
Suppress in OPAC 0
Holdings
Withdrawn status Lost status Source of classification or shelving scheme Damaged status Not for loan Home library Current library Shelving location Date acquired Total Checkouts Full call number Barcode Date last seen Copy number Price effective from Koha item type
    Dewey Decimal Classification     London London News article 07/11/2001   WB3742-14 115515-1001 06/08/2019 1 06/08/2019 News article